Nepokojné grafiky Dušana Zapletala

Bibliographic Details
Main Author: Haviar, Štefan, 1949- (Author)
Format: Article
Language:Slovak
Subjects:

MARC

LEADER 00000nab a2200000 ar4500
001 vtls010038586
003 SK-MaSNL
005 20260303174755.0
008 100113c1973 xo mr|p|||||||000 b|slo
015 |a SNBRB1976 
038 |a SNKBUCL 
040 |a SNKBUCL  |b slo  |c SNKBUCL  |e AACR2 
041 |a slo 
044 |a xo  |c SK 
080 |a 76.071.1  |2 1997 
100 1 |a Haviar, Štefan,  |d 1949-  |4 aut  |9 226205 
245 1 0 |a Nepokojné grafiky Dušana Zapletala  |c Štehan Haviar 
600 1 7 |a Zapletal, Dušan,  |d 1931-1987  |2 snkbucl  |9 48453 
655 7 |a profily  |2 snkbucl  |9 341977 
773 0 |t Matičné čítanie  |g Roč. 6, č. 7 (1973), s. 6 
852 |a SNK  |b KIS3GCP 
958 |a BX 
999 |c 2098528  |d 2100458